000 00497nam a2200169Ia 4500
008 090711s9999 xx 000 0 und d
082 _b49461
100 _aअत्रे प्रभा
245 _aस्वरमयी
260 _bचेतश्री प्रकाशन
_c1984
300 _a190
600 _aअत्रे प्रभा
630 _aस्वरमयी
700 _aअत्रे प्रभा
730 _aस्वरमयी
942 _cBOOK
999 _c331833
_d331833